000 00605cam a22002293a 4500
001 23979
003 PGUSA
005 20140828083519.0
008 071201s2007||||xxu|||||s|||||000 p eng d
040 _aPGUSA
_beng
042 _adc
050 4 _aPS
100 1 _aWhitman, Walt,
_d1819-1892
245 1 0 _aLeaves of Grass
_h[electronic resource] /
_cWalt Whitman
260 _bProject Gutenberg,
_c2007
506 _aPublic domain in the USA.
516 _aElectronic text
653 _aPoetry
830 0 _aProject Gutenberg
_v23979
856 4 0 _uhttp://www.gutenberg.org/ebooks/23979
942 _cEB
999 _c253234
_d253234